00646nam a22001937a 450000500170000001000150001702000260003202000230005803500130008103700130009408200150010710000160012224501260013826000410026427000540030530000330035950000400039270000200043220150319143746.0 aENG-112170 a9788174877758c350.00 a8174877754c350.00 aEN-95702 bDBAD/PUB a728.095452 aPawar, R.S. aCultural ecology of folk houses : cby R.S. Pawar [and] Vidushi Sharmaba case study of Beas Basin of Himachal Pradesh /  aNew DelhibRadha Publications c2012 a4231/1, Ansari Road, DaryaganjbNew Delhie110002 a149p. :c22cm(Hb)bill.,maps aIncludes bibliographical references aSharma, Vidushi